<?xml version="1.0" encoding="UTF-8"?>
<record
    xmlns:xsi="http://www.w3.org/2001/XMLSchema-instance"
    xsi:schemaLocation="http://www.loc.gov/MARC21/slim http://www.loc.gov/standards/marcxml/schema/MARC21slim.xsd"
    xmlns="http://www.loc.gov/MARC21/slim">

  <leader>00955nam a22002057a 4500</leader>
  <controlfield tag="003">OSt</controlfield>
  <controlfield tag="005">20151026133603.0</controlfield>
  <controlfield tag="008">130718s1992    sp ||||| |||| 00| 0 spa d</controlfield>
  <datafield tag="040" ind1=" " ind2=" ">
    <subfield code="c">CDMR</subfield>
  </datafield>
  <datafield tag="100" ind1="1" ind2=" ">
    <subfield code="9">3979</subfield>
    <subfield code="a">Ansu&#xE1;tegui Roig, Francisco Javier</subfield>
  </datafield>
  <datafield tag="245" ind1="1" ind2="0">
    <subfield code="a">Or&#xED;genes doctrinales de la libertad de expresi&#xF3;n</subfield>
    <subfield code="c">Francisco Javier Ansu&#xE1;tegui Roig ; Gregorio Peces-Barba Mart&#xED;nez(director)</subfield>
    <subfield code="h">[recurs electr&#xF2;nic]</subfield>
  </datafield>
  <datafield tag="260" ind1=" " ind2=" ">
    <subfield code="a">Madrid</subfield>
    <subfield code="c">1992</subfield>
  </datafield>
  <datafield tag="502" ind1=" " ind2=" ">
    <subfield code="a">Tesi defensada el 19 de setembre de 1992, </subfield>
    <subfield code="c">Universidad Carlos III de Madrid. Departamento de Derecho P&#xFA;blico y Filosof&#xED;a del Derecho. &#xC1;rea de Filosof&#xED;a del Derecho, Moral y Pol&#xED;tica</subfield>
  </datafield>
  <datafield tag="650" ind1="0" ind2="4">
    <subfield code="9">3073</subfield>
    <subfield code="a">Llibertat d'expressi&#xF3;</subfield>
  </datafield>
  <datafield tag="650" ind1="0" ind2="4">
    <subfield code="9">2994</subfield>
    <subfield code="a">Tesis i dissertacions acad&#xE8;miques</subfield>
  </datafield>
  <datafield tag="700" ind1="1" ind2=" ">
    <subfield code="9">3980</subfield>
    <subfield code="a">Peces-Barba Mart&#xED;nez, Gregorio</subfield>
  </datafield>
  <datafield tag="710" ind1="2" ind2=" ">
    <subfield code="9">3935</subfield>
    <subfield code="a">Universidad Carlos III de Madrid</subfield>
  </datafield>
  <datafield tag="856" ind1="4" ind2="0">
    <subfield code="u">http://e-archivo.uc3m.es/handle/10016/15830</subfield>
    <subfield code="y">Disponible en l&#xED;nia (UC3)</subfield>
  </datafield>
  <datafield tag="942" ind1=" " ind2=" ">
    <subfield code="2">udc</subfield>
    <subfield code="c">TSN-E</subfield>
  </datafield>
  <datafield tag="999" ind1=" " ind2=" ">
    <subfield code="c">6608</subfield>
    <subfield code="d">6608</subfield>
  </datafield>
  <datafield tag="952" ind1=" " ind2=" ">
    <subfield code="0">0</subfield>
    <subfield code="1">0</subfield>
    <subfield code="4">0</subfield>
    <subfield code="7">0</subfield>
    <subfield code="a">CDMR</subfield>
    <subfield code="b">CDMR</subfield>
    <subfield code="d">2013-07-18</subfield>
    <subfield code="l">0</subfield>
    <subfield code="p">CDMR13096924</subfield>
    <subfield code="r">2013-07-18</subfield>
    <subfield code="w">2013-07-18</subfield>
    <subfield code="y">TSN-E</subfield>
    <subfield code="z">Tesi dipositada a l'Archivo Abierto Institucional de la Universidad Carlos III de Madrid</subfield>
  </datafield>
</record>
